Statistics for KSI

Click here to take the quiz!

General Stats

  • This quiz has been taken 663 times
  • The average score is 9 of 15

Answer Stats

HintAnswer% Correct
His BrotherDeji
98%
Name of GroupSidemen
89%
Age22
86%
Most Popular GameFIFA
81%
Favourite Football TeamArsenal
80%
Name of MovieLaid in America
63%
Real NameOlajide Olatunji
60%
Name of EPKeep Up
56%
Dads NameJide
54%
Name of Clothing BrandBeast
53%
HometownWatford
53%
Player He Calls His Mum AboutHazard
47%
Artist Who he Collaborated with on LamborghiniP Money
46%
Name of BookI am a Bellend
37%
First Song KSI Featured InNo Sleep
23%

Score Distribution

Percentile by Number Answered

Percent of People with Each Score

Your Score History

You have not taken this quiz